00298 a2200121 450000100060000008200180000610000180002424500610004225000060010326000310010930000190014050000170015992141 a670.28563 DAG aCihan H Dagli aArtificial Neural Networks for Intelligent Manufacturing a1 aUKbChapman and Hallc1994 axvi, 469p.bHb aGeneral Book